| 000 | 01365nam a22002897a 4500 | ||
|---|---|---|---|
| 008 | 090211t xxu||||| |||| 00| 0 eng d | ||
| 010 | _aHIN-91855 | ||
| 020 |
_a9788190490101 _c300.00 |
||
| 035 | _aHN-64201 | ||
| 037 | _bहंसा साहित्य सदन | ||
| 037 | _bDBAD / VEN | ||
| 040 |
_adpl _bHN |
||
| 082 | _aक | ||
| 100 |
_aभरत सिंह _925892 |
||
| 245 |
_aकथा सरित्सागर की अमर कहानियां / _cभरत सिंह |
||
| 260 |
_aदिल्ली _bहंसा साहित्य सदन _c2009 |
||
| 270 |
_aफ्लैट नं.37 पाकेट-1,से.14,द्वारका, _bनई दिल्ली _e110078 |
||
| 300 |
_a239 पृ. _c23सेमी. (सजिल्द) |
||
| 650 |
_aलघु कथाएँ, हिन्दी _91169 |
||
| 650 |
_aHindi Fiction _925893 |
||
| 700 |
_a _925894 |
||
| 942 |
_2ddc _cHN _hक _mभरत |
||
| 999 |
_c23551 _d23551 |
||